2024 F1 Grid + Teams - Statistics

General Stats
  • This quiz has been taken 25 times
  • The average score is 12 of 20
Answer Stats
Hint Answer % Correct
Netherlands Max Verstappen, Red Bull
100%
Monaco Charles Leclerc, Ferrari
95%
Mexico Sergio Perez, Red Bull
95%
Spain Fernando Alonso, Aston Martin
90%
GB Lando Norris, McLaren
90%
GB Lewis Hamilton, Mercedes
90%
Spain Carlos Sainz, Ferrari
86%
Australia Oscar Piastri, McLaren
86%
France Esteban Ocon, Alpine
81%
GB George Russel, Mercedes
71%
France Pierre Gasly, Alpine
67%
Denmark Kevin Magnussen, Haas
62%
Germany Nico Hulkenburg, Haas
57%
Canada Lance Stroll, Aston Martin
52%
Thailand Alex Albon, Williams
48%
USA Logan Sargeant, Williams
48%
Australia Daniel Ricciardo, RB Visa Cash App
10%
Japan Yuki Tsunoda, RB Visa Cash App
10%
China Zhou Guanyu, Kick Sauber
5%
Finland Valterri Bottas, Kick Sauber
0%
No matching quizzes found
Score Distribution
Percent of People with Each Score
Percentile by Number Answered
Your Score History
You have not taken this quiz